[Event "Qatar Masters op"]
[Site "Doha"]
[Date "2014.11.28"]
[Round "3"]
[White "Duda, Jan Krzysztof"]
[Black "Cheparinov, Ivan"]
[Result "1/2-1/2"]
[WhiteElo "2599"]
[BlackElo "2684"]
[Annotator "Havasi,G"]
[PlyCount "299"]
[EventDate "2014.11.26"]
[EventType "swiss"]
[EventRounds "9"]
[EventCountry "QAT"]
[SourceTitle "CBM 164"]
[Source "ChessBase"]
[SourceDate "2015.01.15"]
[SourceVersion "1"]
[SourceVersionDate "2015.01.15"]
[SourceQuality "1"]

1. e4 c5 2. Nf3 d6 3. d4 cxd4 4. Nxd4 Nf6 5. Nc3 a6 6. h3 e6 7. g4 Be7 8. Bg2
Nfd7 9. Be3 Nc6 10. h4 (10. Qe2 {is the most common move} O-O 11. O-O-O Nxd4
12. Bxd4 b5 13. e5 d5 14. f4 b4 15. Na4 Bb7 $15 {0-1 (26) Caruana,F (2774)
-Karjakin,S (2782) Moscow 2013}) 10... O-O {This move is a novelty, but we
will transpose to usual lines.} (10... Nde5 11. g5 Bd7 {see Anand-Topalov} (
11... Nc4 12. Bc1 O-O 13. b3 Qa5 14. Nde2 N4e5 15. f4 Ng4 16. Bf3 h5 $13 {
0-1 (42) Stevic,H (2619)-Tadic,B (2505) Neum 2014})) 11. g5 Nde5 12. Qe2 Nxd4 (
12... b5 {has also been played:} 13. f4 Nxd4 14. Bxd4 Nc6 15. Be3 Qa5 (15...
Bb7 16. O-O-O Rc8 17. Qf2 $14 {1-0 (43) Yunusov,I-Sakr,N (2148) Turin 2006})
16. Qf2 Rb8 17. O-O b4 $13 {0-1 (44) Vehi Bach,V (2403)-Zoler,D (2527) Arinsal
2011}) 13. Bxd4 Nc6 $146 (13... b5 14. f4 {transposes to 12...b5.}) 14. O-O-O (
{If White retreats the B, the game will be unclear:} 14. Be3 Bd7 15. O-O-O Rc8
16. Kb1 Ne5 $13) 14... Nxd4 {Getting the bishop pair is very logical.} (14...
b5 {also comes into consideration} 15. Qe3 (15. Be3 Qa5 $1 16. e5 d5 17. g6
hxg6 18. h5 g5 19. h6 g6 $17) 15... Nxd4 16. Qxd4 Bb7 $132) 15. Rxd4 b5 16. f4
{White has some space advantage as a compensation for losing the bishop pair.}
Qb6 (16... Rb8 17. f5 $13) 17. Qd2 Rb8 {Black prepares for ...b4, as 17...b4
didn't work because of 18.Na4.} ({Black doesn't need to waste time on} 17...
Bd7 18. f5 $36) 18. f5 {White plays aggressively.} ({If White plays more
quietly} 18. Kb1 a5 (18... Qc5 19. Nd1 $1 f6 20. Rf1 $14) 19. Nd1 f6 $13) 18...
b4 (18... Qc5 {going to e5 with the queen is very logical} 19. Kb1 Qe5 $13) 19.
Nd1 Qa5 $6 {This move is inaccurate.} (19... f6 20. g6 hxg6 21. h5 $40) (19...
Qc5 20. Ne3 a5 21. f6 $40) 20. Kb1 Qc5 $6 21. Bh3 $1 {White plays
energetically, he already has a serious initiative.} Bd8 22. Rf1 $6 {This move
is a bit inaccurate.} (22. fxe6 {was even better to win the Ps} fxe6 23. Rxd6
Bc7 24. Bxe6+ Bxe6 25. Rxe6 $14) 22... Bb6 $1 23. Rxd6 Bc7 $1 24. Rd3 a5 $1 {
White has won the pawn, but Black has obvious compensation.} 25. g6 (25. fxe6
Bxe6 26. Bxe6 fxe6 $44) 25... fxg6 26. fxg6 Rxf1 27. Bxf1 Ba6 (27... hxg6 {
was also good} 28. Qg2 Kh7) 28. Rf3 Bxf1 (28... Rd8 {is a bit more accurate}
29. gxh7+ Kxh7 30. Bd3 Qh5 $132) 29. gxh7+ Kh8 30. Rxf1 Rd8 31. Qe2 a4 $2 (
31... Bg3 $1 $44 {is better to prevent Nf2.}) 32. Nf2 $1 {White places the
knight on d3, where it will defend the b2-pawn well.} a3 33. Nh3 $6 {This move
isn't accurate, the knight won't arrive on g5 in time.} (33. Nd3 $1 Qc4 34. e5
$16) 33... Qd4 $1 34. c3 bxc3 35. Ng5 c2+ $1 36. Qxc2 Rb8 37. b3 Be5 38. Nf7+
Kxh7 39. Nxe5 Qxe5 $44 {After some forced moves, we have got a very
interesting position. White has a b3 P advantage, but Black has nothing to
worry about because of his potentially strong a3-pawn, which is very
unpleasant for White. Objectively the one who is trying to win is Black.} 40.
Rf2 Rb7 41. Rg2 Rc7 {Black has placed his R on c7, while White has
over-protected his 2nd rank.} 42. Qd1 $2 (42. Qd3 $1 {was better} Rc3 43. Rg5
$1 {could be the move overlooked by White} Qc7 44. Qd1 (44. Qd2 Rh3 $17) 44...
Kg8 45. Rh5 $11) 42... Qxe4+ $19 {Black will get better move by move.} 43. Rc2
Rc5 $1 44. Kc1 Rd5 45. Rd2 Qe3 $1 46. b4 Rf5 (46... Rd8 $1 $19 {was the strong
finishing move, Black will go forward with his king and win the h4-pawn.}) 47.
Kc2 $1 Qe4+ 48. Kc3 {Now White is back in the game, there is no pin anymore.}
Qxh4 $2 (48... e5 $1 {was better to prevent Rd4.}) 49. Kb3 $1 Qe4 50. Qc2 $1
Qa8 {Now the game is objectively equal.} 51. Qc4 Rf3+ 52. Rd3 g5 53. b5 Qb7 (
53... g4 $1 {was the exact move} 54. b6 Qb7 55. Qc7+ Rf7 $11) 54. Rxf3 Qxf3+
55. Ka4 g4 56. b6 g3 57. Qc7+ Kg6 (57... Kh6 {is also good} 58. b7 Qe4+ $11)
58. b7 Qe4+ 59. Kxa3 Qe3+ 60. Kb4 g2 $4 (60... Qd4+ $1 61. Kb3 Qd3+ 62. Kb2
Qd4+ 63. Ka3 (63. Qc3 Qb6+ $11) 63... Qe3+ $11) 61. b8=Q (61. Qc2+ $1 {was
winning} Kh6 62. b8=Q Qd4+ 63. Kb3 g1=Q 64. Qf8+ Qgg7 65. Qh2+ Kg6 66. Qg3+ Kh6
67. Qfxg7+ Qxg7 68. Qxg7+ Kxg7 69. a4 $18) 61... Qd4+ (61... Qe4+ $1 62. Kb3
Qb1+ 63. Ka3 Qd3+ $11) 62. Kb3 (62. Qc4 $1 $18) 62... Qd3+ 63. Kb2 Qd4+ 64. Ka3
Qe3+ 65. Kb4 Qd4+ 66. Qc4 {Finding the right move.} g1=Q 67. Qg8+ Kh5 68. Qxg1
Qxg1 69. Qxe6 $4 {This endgame is drawn, Black's king has to stay far from the
pawn to avoid counterchecks.} (69. Qc5+ $1 {this queen exchange would have won
the game.}) 69... Qd4+ 70. Kb5 Qb2+ 71. Qb3 Qe5+ 72. Ka6 Kh4 (72... Qe4 {
is also good.}) 73. Qc4+ Kh3 74. a4 Qd6+ 75. Kb7 Qd7+ 76. Kb8 Qd6+ 77. Kb7 Qd7+
78. Kb6 Qd8+ 79. Kc5 Qe7+ 80. Kd4 Qd8+ 81. Kc3 Qf6+ 82. Kb3 Qb6+ 83. Ka3 Qa7
84. Qc3+ Kh2 85. Qe5+ Kg2 86. a5 Kh1 87. Qd5+ Kh2 88. Qd6+ Kh1 89. Ka4 Qa8 90.
a6 Qe4+ 91. Ka5 Qe1+ 92. Kb6 Qb1+ 93. Kc7 Qh7+ 94. Qd7 Qh2+ 95. Kc8 Qh8+ 96.
Kb7 Qb2+ 97. Ka8 Qh8+ 98. Ka7 Kg1 99. Qc7 Kf1 100. Qc4+ Kg1 101. Qc5+ Kf1 102.
Qc1+ Kf2 103. Kb7 Qh7+ 104. Kb6 Qg6+ 105. Kb5 Qd3+ 106. Qc4 Qb1+ 107. Ka4 Qd1+
108. Kb4 Qe1+ 109. Kb3 Qe3+ 110. Kc2 Qa7 111. Qf4+ Kg1 112. Qg3+ Kh1 113. Qf3+
Kg1 114. Qd1+ Kg2 115. Qd6 Kg1 116. Kd3 Qh7+ 117. Kd2 Kg2 118. Qd5+ Kh2 119.
Qe5+ Kh1 120. Qe1+ Kh2 121. Qe3 Qd7+ 122. Ke1 Qa4 123. a7 Qa1+ 124. Ke2 Qa6+
125. Kf3 Qc6+ 126. Kg4 Qd7+ 127. Kf4 Qf7+ 128. Ke4 Qb7+ 129. Kd3 Qa6+ 130. Kd2
Qa2+ 131. Kd1 Qa1+ 132. Ke2 Qa6+ 133. Kf3 Qc6+ 134. Qe4 Qc3+ 135. Kf4 Qf6+ 136.
Ke3 Qc3+ 137. Qd3 Qe5+ 138. Kf2 Qf6+ 139. Ke2 Qe5+ 140. Kf3 Qf6+ 141. Ke3 Qe7+
142. Kf3 Qf6+ 143. Ke2 Qe5+ 144. Qe3 Qb5+ 145. Kf2 Qf5+ 146. Qf3 Qc5+ 147. Kf1
Qg1+ 148. Ke2 Qxa7 149. Qf2+ Qxf2+ 150. Kxf2 1/2-1/2

[Event "Grand Slam Final 7th"]
[Site "Bilbao"]
[Date "2014.09.16"]
[Round "3"]
[White "Ponomariov, Ruslan"]
[Black "Vallejo Pons, Francisco"]
[Result "1-0"]
[WhiteElo "2717"]
[BlackElo "2712"]
[Annotator "Havasi,G"]
[PlyCount "65"]
[EventDate "2014.09.14"]
[EventType "tourn"]
[EventRounds "6"]
[EventCountry "ESP"]
[EventCategory "21"]
[SourceTitle "CBM 163"]
[Source "ChessBase"]
[SourceDate "2014.11.11"]
[SourceVersion "1"]
[SourceVersionDate "2014.11.11"]
[SourceQuality "1"]

1. e4 c5 2. Nf3 d6 3. d4 cxd4 4. Nxd4 Nf6 5. Nc3 a6 6. h3 {This line is very
popular nowadays.} e6 (6... e5 {and}) (6... g6 {are other setups.}) 7. g4 Be7
8. Bg2 Nfd7 {This move wants to prepare for g5. Many top players have played
this line against 6.h3 recently.} 9. Nce2 $146 {This is Ponomariov's novelty.
At the first sight it's hard to evaluate this move. After this move, White
will be able to play c4 at some point. However the main idea of this move is
to place the N on g3 and attack on the K-side, when the N may be useful there.}
(9. Be3 {is the most popular move, the plan is Qe2 and 0-0-0, with an unclear
fight.} Nc6 10. Qe2 O-O 11. O-O-O Nxd4 12. Bxd4 b5 13. e5 d5 14. f4 Bb7 15. Qe3
b4 16. Ne2 a5 17. f5 Rc8 18. Nf4 Qc7 $13 {Shirov-Karavade, Caleta 2013}) (9.
O-O O-O {leads to a complicated Scheveningen fight.}) 9... Nc6 (9... h5 {
was also interesting}) (9... O-O {is also possible.}) 10. c3 (10. O-O {is also
possible} O-O {would be a normal setup, White can play both} 11. Ng3 {followed
by c3 and f4 and} (11. c4)) 10... h5 $6 {This move is a mistake. If White
takes on h5, the R won't be able to recapture.} (10... O-O {would be a natural
move} 11. O-O {with an unclear position. This position needs serious practical
testing to tell anything about it.}) 11. gxh5 Rxh5 $2 {This move is losing.
Maybe Black overlooked 14.b4.} (11... Qc7 12. Ng3 {and I prefer White, however
the position isn't so easy after a move like} b6) 12. Nxc6 $1 bxc6 13. Nd4 Rc5
14. b4 $1 {This is the point.} Rxc3 (14... Rc4 15. Bf1 $1 $16) 15. Bb2 Rc4 16.
Nxe6 $1 {This is the point, otherwise White is worse.} Qb6 (16... fxe6 {
would lead to a forced mate} 17. Qh5+ Kf8 18. Qh8+ Kf7 19. Qxg7+ Ke8 20. Qg6+
Kf8 21. Bg7+ Kg8 22. Bh6+ Kh8 23. Qg7#) 17. Nxg7+ Kf8 18. O-O (18. a3 {is also
good according to the computer.}) 18... Ne5 (18... Bf6 19. Nf5 $1 Bxb2 20.
Qxd6+ Kg8 21. Qg3+ Kf8 22. Rad1 $40) 19. Nh5 (19. Nf5 {is also good} Bxf5 20.
exf5 $36) 19... Qxb4 20. Rb1 Qc5 (20... Qa5 21. Qb3 $1 {followed by Qg3.}) 21.
Kh1 $1 {White finds the strongest move. The point of this move is that Bg5
won't work, because there is no check on f3 after taking the B compared to 21.
Qd2 line.} (21. Qb3 {also came into consideration, but now the R is defended,
so it isn't winning like in the 20...Qa5 line.}) (21. Qd2 Bg5 $1 {isn't so
clear.}) 21... Ng6 22. Nf6 Rb8 (22... Ne5 23. Nh7+ Ke8 24. f4 $40 {White has a
winning attack.}) 23. Qd2 $18 (23. Bc1 $1 $18 {was even better.}) 23... Bxf6
24. Bxf6 Rb5 25. Rbd1 d5 26. Qh6+ Ke8 27. exd5 cxd5 28. Rfe1+ Kd7 29. Qg7 Qf8
30. Bxd5 Rxd5 31. Rxd5+ Kc7 32. Be5+ Kc6 33. Qxf8 1-0

[Event "Lasker Memorial op"]
[Site "Barlinek"]
[Date "2001.07.26"]
[Round "10"]
[White "Mikhaletz, Lubomir"]
[Black "Voitsekhovsky, Stanislav"]
[Result "0-1"]
[WhiteElo "2485"]
[BlackElo "2476"]
[Annotator "Hecht,H"]
[PlyCount "110"]
[EventDate "2001.07.19"]
[EventType "swiss"]
[EventRounds "10"]
[EventCountry "POL"]
[SourceTitle "CBM 085"]
[Source "ChessBase"]
[SourceDate "2001.11.13"]
[SourceVersion "1"]
[SourceVersionDate "2001.11.13"]
[SourceQuality "1"]

1. e4 c5 2. Nf3 d6 3. d4 cxd4 4. Nxd4 Nf6 5. Nc3 a6 6. h3 e6 7. g4 d5 8. Bg2
Bb4 9. exd5 Nxd5 10. Nde2 Nc6 11. Bd2 Nxc3 12. Bxc6+ bxc6 13. Bxc3 Qb6 14. Qd2
c5 15. O-O-O O-O 16. a3 Bxc3 17. Qxc3 Bb7 18. Rhe1 Rad8 19. f4 f6 20. Qe3 Qc6
21. Nc3 Rxd1+ 22. Rxd1 Re8 23. g5 fxg5 24. fxg5 e5 25. h4 e4 26. Rd5 Qc7 27.
Rxc5 Qh2 28. b3 Qxh4 29. Rc7 Ba8 30. Kb2 Qg4 31. a4 Qe6 32. Qd4 Qg6 33. Qd7 e3
34. Rc8 Kf8 35. Rxe8+ Qxe8 36. Qxe8+ Kxe8 37. Ne2 {[#] Ungleiche
Bauernverteilung mit Freibauern. Starker Läufer infolge schlechten weißen
Spiels - ungenutzte weiße Chancen infolge schlechten schwarzen Spiels!} Ke7 38.
Kc3 Ke6 39. g6 (39. Kd4 Kf5 40. b4 Kxg5 41. b5 axb5 42. axb5 h5 43. Kxe3 h4 44.
Ng1 Kg4 45. c4 h3 46. Nxh3 Kxh3 47. Kf4 Kh4 48. c5 g5+ 49. Ke5 g4 50. c6 g3 51.
Kd6 g2 52. b6 g1=Q 53. b7 Bxb7 $19) 39... Be4 40. gxh7 Bxh7 41. b4 (41. Kd4 $5
Bxc2 42. Kxe3 {mit der Remischance, den Springer gegen den g-Bauern zu opfern,
denn der Läufer hat nicht die Farbe des Eckfeldes a1, oder den Damenflügel
aufzulösen. Z.B.} Bd1 (42... Kd5 43. b4 Bxa4 (43... Kc4 44. b5 $11) 44. Nc3+
Kc4 45. Nxa4 Kxb4 46. Nb6 $11) 43. Nc1 g5 44. Kd2 $15) 41... Kd5 42. b5 a5 $6 (
42... axb5 43. axb5 Kc5 44. b6 $11) 43. Kb3 $2 (43. Nf4+ $1 Kc5 44. Ng2 e2 45.
Ne1 $14 {[%csl Re2][%cal Rc3d2]}) 43... g5 44. c4+ Kc5 45. Kc3 Bg8 46. Nc1 $2 (
46. Ng3 $1 Bxc4 47. Ne4+ Kd5 48. Nxg5 $11) 46... Bxc4 47. b6 Ba6 48. b7 Bxb7
49. Nb3+ Kb6 50. Kd3 Bc6 51. Kxe3 Bxa4 52. Nd4 Bd7 $2 {Hier steht der Läufer
ungedeckt alsbald im Springerbereich.} (52... Bc6 $19) 53. Kd3 $2 (53. Nf3 $1
a4 (53... g4 54. Ne5 Bc8 55. Nxg4 Bxg4 56. Kd3 Kb5 57. Kc3 Ka4 58. Kb2 $11) 54.
Kd2 g4 55. Ne5 a3 56. Kc3 (56. Nxd7+ Kc7 57. Nc5 a2 58. Nb3 g3 59. Ke2 Kb6 60.
Kf3 Kb5 61. Kxg3 Kb4 62. Na1 Kc3 $19) 56... g3 57. Nxd7+ $11 {[%csl Gg1][%cal
Gd7e5,Ge5f3]}) 53... g4 54. Kc3 g3 55. Nf3 g2 {Nach Lg4 wird der Springer auf
g1 patt gesetzt und vom König abgeholt.} 0-1

[Event "Czerniak Memorial 13th"]
[Site "Tel Aviv"]
[Date "1997.??.??"]
[Round "9"]
[White "Gershon, Alik"]
[Black "Rotstein, Arkadij"]
[Result "1-0"]
[WhiteElo "2420"]
[BlackElo "2455"]
[Annotator "Hecht,H"]
[PlyCount "121"]
[EventDate "1997.04.04"]
[EventType "tourn"]
[EventRounds "11"]
[EventCountry "ISR"]
[EventCategory "10"]
[SourceTitle "CBM 059"]
[Source "ChessBase"]
[SourceDate "1997.08.01"]
[SourceVersion "1"]
[SourceVersionDate "1997.08.01"]
[SourceQuality "1"]

1. e4 c5 2. Nf3 e6 3. d4 cxd4 4. Nxd4 Nf6 5. Nc3 d6 6. g4 a6 7. g5 Nfd7 8. h4
b5 9. a3 Bb7 10. Be3 Nc6 11. h5 Rc8 12. Bh3 Nxd4 13. Qxd4 Ne5 14. O-O-O Nc6 15.
Qd2 b4 16. axb4 Nxb4 17. Kb1 Qa5 18. Qd4 e5 19. Qb6 Qxb6 20. Bxb6 Rc4 21. Bf1
Rc8 22. Bh3 Rc4 23. Rhe1 Be7 24. Bf1 Rc8 25. Bh3 Rc4 26. f4 exf4 27. Nd5 Nxd5
28. exd5 f3 29. b3 Rc8 30. Bxc8 Bxc8 31. Rd3 Kd7 32. Rxf3 f6 33. Rfe3 Bd8 34.
Bxd8 Kxd8 35. h6 gxh6 36. gxf6 Rf8 37. Rf1 h5 38. Re7 Rxf6 39. Rxf6 Kxe7 {
[#] a) Gegenspiel der L-Partei mit h-Freibauer führt zu T-Gewinn b) hilfloser
L gegen weißen b-Freibauer c) finales Bauernendspiel. Gewinn durch Zugzwang
Ich habe für dieses Endspiel eine Medaille für kreative Endspielführung
vergeben. Insbesondere ist die weiße Königsführung im Teil b) höchst
eindrucksvoll.} 40. Rh6 Bf5 {[%csl Rh6][%cal Rf5g6]} 41. Rxh5 {Die Drohung Lg6
muß Weiß nicht undedingt bedienen, wenn er mit dem b-Freibauern schnell genug
ist. Die nun folgenden Vorschläge und Analysen sind unbedingt zu überprüfen!
Nun werden Sie bei Durchsicht der Varianten einwenden, daß angsichts von
Abspiel b) doch nur die Partiefolge erreicht wird. Warum also das Risiko der
Turmeinsperrung eingehen? In der Partie ist die Entscheidung zu Txh5 sicher
richtig und praktisch, wir aber wollen bei der Analyse möglichst nichts
auslassen!} (41. Kb2 Bg6 (41... a5 $5 42. Rxh5 Kf6 43. Rh4 Kg5 44. Ra4 h5 45.
Rxa5 h4 46. Ra1 Be4 $1 47. c4 h3 48. b4 Kf6 49. b5 Ke7 50. b6 Kd7 51. b7 (51.
Ra8 h2 52. b7 h1=Q 53. b8=Q Qb1+ $11) 51... Kc7 52. Ra8 Kxb7 53. Rh8 Bg2 54.
Kc3 Kb6 55. Kd4 Kc7 56. c5 dxc5+ 57. Kxc5 Kd7 58. Rh7+ Ke8 59. Kd6 Kf8 60. Ke6
$18) (41... h4 42. Rxh4 Kf6 43. b4 Kg5 44. Rh2 {führt zur Partie}) 42. b4 $1 (
42. c4 $2 a5 $1) 42... Kf6 43. c4 Kg5 (43... Ke5 $5 44. Kc3 Ke4 {[#]} 45. b5
axb5 46. cxb5 Kxd5 47. Kb4 Ke6 48. Ka5 Kd7 49. Kb6 $18) 44. b5 axb5 45. cxb5
Bd3 46. b6 Ba6 47. Rxh7 $18) 41... Kf6 42. Kb2 Kg6 43. Rh2 Kg5 (43... a5 $5)
44. b4 h5 45. c4 h4 46. b5 axb5 47. cxb5 Bc8 (47... Be4 48. Rd2 h3 49. b6 h2
50. Rxh2 Bxd5 51. Rd2 $18) 48. Kc3 h3 49. Kb4 Kg4 50. Ka5 Kg3 51. Rd2 h2 (51...
Bb7 52. Kb6 Ba8 53. Ka7 $18) 52. Rxh2 Kxh2 {[%cal Ya5b6,Yb6a6,Ya6a7,Ya7b8,
Yb8c7,Yc7b7] [#] Der anschließende höchst eindrucksvolle Marsch des weißen
Königs ist hier mit gelben Pfeilen vorgezeichnet Es zeigt sich, daß der Widder
(nach Kmoch) d5/d6 zum Gewinn sowieso gebraucht wird, zudem wirkt er als
Barriere gegen den Angriff des Läufers von der langen Diagonalen aus.} 53. Kb6
Bd7 54. Ka6 Bc8+ 55. Ka7 Kg3 56. Kb8 $3 Bg4 57. Kc7 $1 (57. b6 Bf3 $11) 57...
Be2 58. b6 Ba6 59. b7 Bxb7 60. Kxb7 Kf4 61. Kc7 $1 {Der bekannte Trick, den
Schwarz, wäre er am Zuge gewesen, mit Ke4 ebenfalls hätte anwenden können.} 1-0

[Event "CUB-ch"]
[Site "Las Tunas"]
[Date "2001.04.04"]
[Round "4"]
[White "De la Paz Perdomo, Frank"]
[Black "Leyva Proenza, Ricardo"]
[Result "1-0"]
[WhiteElo "2437"]
[BlackElo "2400"]
[Annotator "Hecht,H"]
[PlyCount "113"]
[EventDate "2001.04.01"]
[EventType "tourn"]
[EventRounds "16"]
[EventCountry "CUB"]
[EventCategory "9"]
[SourceTitle "CBM 083"]
[Source "ChessBase"]
[SourceDate "2001.07.05"]
[SourceVersion "1"]
[SourceVersionDate "2001.07.05"]
[SourceQuality "1"]

1. e4 c5 2. Nf3 d6 3. d4 cxd4 4. Nxd4 Nf6 5. Nc3 a6 6. Be3 e6 7. g4 h5 8. g5
Ng4 9. Bc1 Qb6 10. h3 Ne5 11. Nb3 Nbc6 12. Be3 Qc7 13. f4 Nd7 14. Qd2 b5 15.
O-O-O g6 16. Nd5 Qb7 17. Bg2 exd5 18. exd5 Ne7 19. Bd4 Rg8 20. Rhe1 a5 21. Bf6
Kd8 22. Nxa5 Rxa5 23. Qxa5+ Qb6 24. Qa8 Qa6 25. Qxa6 Bxa6 26. Bc3 Nc5 27. Bf1
Nf5 28. Bf6+ Be7 29. Bxe7+ Nxe7 30. Re3 b4 31. Bxa6 Nxa6 32. a3 Kd7 33. Rb3 Rb8
34. axb4 Nxb4 35. Rd4 Na6 36. Rxb8 Nxb8 37. c4 {[#] Totale Überlegenheit von
Turm und zwei Extrabauern gegen passive schwarze Figuren.} Kc7 38. Kc2 Nf5 39.
Re4 Kd8 40. b4 Nd7 41. Kb3 Nb6 42. Re1 h4 43. Kc3 Na4+ 44. Kb3 Nb6 45. Kc3 Na4+
46. Kb3 Nb6 47. Rd1 Ne3 48. Rd4 Nf5 49. Rd3 Ne7 50. c5 Nd7 (50... dxc5 51. bxc5
Nbxd5 52. Kc4 $18 {Fesselung}) (50... Nbxd5 51. cxd6 Nxf4 52. dxe7+ Kxe7 53.
Rc3 $18 {vertikale Sperre} (53. Re3+ Kd6 54. Kc4 Ne6 55. Rxe6+ $18 {entfernter
Freibauer})) 51. Kc4 f6 52. c6 fxg5 (52... Nb6+ 53. Kb5 Nbxd5 54. gxf6 Nc7+ 55.
Ka4 Ned5 56. b5 Nb6+ 57. Ka5 Nc4+ 58. Kb4 Nb6 59. Rxd6+ $18) 53. cxd7 gxf4 54.
Kd4 Kxd7 55. Ke4 g5 56. Rc3 Nc8 57. Rc1 1-0

[Event "Rubinstein Memorial 37th"]
[Site "Polanica Zdroj"]
[Date "2000.08.17"]
[Round "1"]
[White "Shirov, Alexei"]
[Black "Svidler, Peter"]
[Result "1/2-1/2"]
[WhiteElo "2746"]
[BlackElo "2689"]
[Annotator "Hecht,H"]
[PlyCount "108"]
[EventDate "2000.08.17"]
[EventType "tourn"]
[EventRounds "9"]
[EventCountry "POL"]
[EventCategory "17"]
[SourceTitle "CBM 079"]
[Source "ChessBase"]
[SourceDate "2000.11.21"]
[SourceVersion "1"]
[SourceVersionDate "2000.11.21"]
[SourceQuality "1"]

1. e4 c5 2. Nf3 d6 3. d4 cxd4 4. Nxd4 Nf6 5. Nc3 a6 6. Be3 e6 7. g4 e5 8. Nf5
g6 9. g5 gxf5 10. exf5 d5 11. Qf3 d4 12. O-O-O Nbd7 13. Bd2 Qc7 14. Bd3 Nc5 15.
gxf6 dxc3 16. Bxc3 Qc6 17. Qe3 e4 18. Bc4 Bxf5 19. Rd4 Ne6 20. Bd5 Qb6 21. Rc4
Bc5 22. Qg3 Bxf2 23. Qe5 Qe3+ 24. Kb1 Qf4 25. Qxf4 Nxf4 26. Bxb7 O-O 27. Rf1
Rad8 28. b3 Be3 29. Ba5 Bh3 30. Bxd8 Bxf1 31. Rxe4 Rxd8 32. Rxe3 h5 33. Kb2 Rd6
34. Rf3 Rxf6 35. Rxf1 Nd3+ 36. Kc3 Rxf1 37. Kxd3 a5 38. a4 Rf4 39. c4 Kf8 40.
b4 axb4 41. a5 b3 (41... Rh4 $5 42. a6 Rh3+ 43. Kd4 Ra3 44. c5 Ke7 45. Kc4 b3
46. Kc3 Kd8 47. Kb2 Ra5 48. Kxb3 Kc7 49. Kb4 $15 {gefolgt von h4, Kb5 sowie
Ld5 oder Lf3.}) 42. a6 b2 43. Kc2 Rxc4+ 44. Kxb2 Ra4 45. Kb3 Ra1 46. Kc4 Ke7
47. Kd5 Kd7 48. Ke5 Kc7 49. Kf6 Rf1+ (49... h4 50. Kxf7 h3 (50... Ra2 51. h3
Ra3 52. Kf6 Rxh3 53. Kg5 Kb6 54. Kg4 Rh2 55. Bd5 Kxa6 56. Bc4+ Kb6 57. Bf1 $11
{[%csl Rh4][%cal Gf1h3]}) 51. Kf6 Ra2 52. Kg5 Rxh2 53. Kg4 $11) (49... Ra4) 50.
Kg5 Rg1+ 51. Kxh5 f5 52. h4 f4 53. Kh6 Rb1 (53... Kb6 54. h5 Rg3 55. Kh7 $11)
54. Be4 Rb6+ 1/2-1/2